Understanding ethics and communication : (Record no. 95612)

MARC details
000 -LEADER
fixed length control field 00768nam a22002177a 4500
005 - DATE AND TIME OF LATEST TRANSACTION
control field 20150922115627.0
010 ## - LCCN (DPL NO)
LC control number ENG-113812
020 ## - INTERNATIONAL STANDARD BOOK NUMBER
International Standard Book Number 9789351430957
Terms of availability 225.00
035 ## - SYSTEM CONTROL NUMBER
System control number EN-97344
037 ## - SOURCE OF ACQUISITION
Source of stock number/acquisition DBAD/PUB
082 ## - DEWEY DECIMAL CLASSIFICATION NUMBER
Classification number 174.4
100 ## - MAIN ENTRY--PERSONAL NAME
Personal name Narang, Eesha
245 ## - TITLE STATEMENT
Title Understanding ethics and communication :
Statement of responsibility, etc by Eesha Narang, Arvidnd Dubey [and] Om S. Trivedi ; edited by Divya Madaan
Remainder of title a self - study module for CA-Intermedciate (IPC) course /
260 ## - PUBLICATION, DISTRIBUTION, ETC. (IMPRINT)
Place of publication, distribution, etc Gurgaon
Name of publisher, distributor, etc LexisNexis
Date of publication, distribution, etc 2014
270 ## - ADDRESS
Address 14th Floor, Building No.10, Tower-B, DLF Cyber City, Phase-II
City Gurgaon
Postal code 122002
300 ## - PHYSICAL DESCRIPTION
Extent 222p.
Dimensions 27cm(pbk)
700 ## - ADDED ENTRY--PERSONAL NAME
Personal name Dubey, Arvind
700 ## - ADDED ENTRY--PERSONAL NAME
Personal name Trivedi, Om S.
700 ## - ADDED ENTRY--PERSONAL NAME
Personal name Madaan, Divya
942 ## - ADDED ENTRY ELEMENTS (KOHA)
Source of classification or shelving scheme Dewey Decimal Classification
Item type English Books
Call number suffix NAR
Classification part 174.4
Holdings
Withdrawn status Lost status Not for loan Collection code Home library Current library Date acquired Source of acquisition Cost, normal purchase price Full call number Barcode Copy number Cost, replacement price Koha item type
    Not For Loan Non-fiction D.B.Act.Division D.B.Act.Division 10/08/2015 DBAD/PUB 225.00 174.4 NAR EN-97344 1 225.00 English Books

© Delhi Public Library
Hit Counter
free hit counter